Image Word Wheel V Quiz Stats

 Plays Quiz Updated Apr 20, 2018

Challenge
Share
Tweet
Score 0/14 Timer 02:00
7 Plays Today
% Correct
BOOK
98.5%
BOOT
98.5%
HOOK
98.1%
COOK
97.8%
CORK
97.5%
ROOT
95.2%
ROOK
94.8%
% Correct
HOOT
94.1%
PORK
93.9%
POLE
88.7%
PORE
87.1%
COLT
85.6%
COLE
81.9%
HOLT
81.4%

You're not logged in!

Compare scores with friends on all Sporcle quizzes.
Join for Free
OR
Log In

You Might Also Like...

Show Comments

Extras

Top Quizzes Today


Score Distribution

Your Account Isn't Verified!

In order to create a playlist on Sporcle, you need to verify the email address you used during registration. Go to your Sporcle Settings to finish the process.

Report this User

Report this user for behavior that violates our Community Guidelines.

Details: